Základy podnikania už aj pre najmladších

Bibliographic Details
Main Author: (-mat-) (Author)
Corporate Author: Športové gymnázium (Košice, Slovensko) (Author)
Format: Article
Language:Slovak
Subjects:

MARC

LEADER 00000nab a2200000 a 4500
001 vtls000923253
003 SK-MaSNL
005 20260303034708.0
008 040720e19971211xo 0 slo
035 |a KE32130 
040 |a KEVKJB  |b slo  |c KEVKJB  |e AACR2 
041 0 |a slo 
044 |a xo  |c SK 
080 |a 373.54  |2 1981 
100 0 |a (-mat-)  |4 aut  |9 1020437 
245 1 0 |a Základy podnikania už aj pre najmladších 
610 2 7 |a Športové gymnázium (Košice, Slovensko)  |2 KEVKJB  |9 31035 
650 0 7 |a gymnáziá  |2 KEVKJB  |9 16386 
650 0 7 |a činnosť  |2 KEVKJB  |9 282874 
650 0 7 |a informácie  |2 KEVKJB  |9 1285 
651 7 |a Košice (Slovensko)  |2 KEVKJB  |9 18694 
651 7 |a KE,  |2 KEVKJB  |9 877256 
655 7 |a periodikum  |2 snkbucl  |9 29553 
710 2 |a Športové gymnázium (Košice, Slovensko)  |4 aut  |9 31035 
773 0 8 |t Sme  |g Roč. 5, č.285, 11.12.1997 
773 0 8 |i Príl.:  |t Sme na východe.- Roč. 2, č. 174 (11.12.1997), s. 3 
852 |a ZVYKNI  |b KIS3GCP 
999 |c 1674452  |d 1676382